Highest Mountain in each Japanese Prefecture with a map - Statistics

General Stats
  • This quiz has been taken 3 times
  • The average score is 13 of 47
Answers on the Map
Answers color-coded by a green-red scale on the quiz's map according to % correct below.
 
Answer Stats
Prefecture Mountain Height (m) % Correct
Yamanashi Mount Fuji 3,776
100%
Shizuoka Mount Fuji 3,776
100%
Yamagata Mount Chōkai 2,236
50%
Tottori Mount Daisen 1,729
50%
Hokkaido Mount Daisetsuzan 2,291
50%
Ishikawa Mount Haku 2,702
50%
Fukushima Mount Hiuchigatake 2,356
50%
Nagano Mount Hotakadake 3,190
50%
Gifu Mount Hotakadake 3,190
50%
Ehime Mount Ishizuchi 1,982
50%
Yamaguchi Mount Jakuchi 1,337
50%
Ōita Mount Kujū 1,791
50%
Tokyo Mount Kumotori 2,017
50%
Kumamoto Mount Kunimi 1,739
50%
Saga Mount Kyō 1,076
50%
Kagoshima Mount Miyanoura 1,936
50%
Tochigi Mount Nikkō-Shirane 2,578
50%
Gunma Mount Nikkō-Shirane 2,578
50%
Fukuoka Mount Shaka 1,230
50%
Miyazaki Mount Sobo 1,756
50%
Toyama Mount Tate 3,015
50%
Tokushima Mount Tsurugi 1,955
50%
Nagasaki Mount Unzen 1,486
50%
Akita Mount Akita-Komagatake 1,637
0%
Chiba Mount Atago 408
0%
Miyagi Mount Byōbu 1,825
0%
Aichi Mount Chausu 1,415
0%
Nara Mount Hakkyō 1,915
0%
Kanagawa Mount Hiru 1,673
0%
Hyogo Mount Hyōno 1,510
0%
Shiga Mount Ibuki 1,377
0%
Aomori Mount Iwaki 1,625
0%
Iwate Mount Iwate 2,038
0%
Niigata Mount Korenge 2,766
0%
Kyoto Mount Minago 972
0%
Kochi Mount Miune 1,893
0%
Mie Mount Ōdaigahara 1,695
0%
Okinawa Mount Omoto 526
0%
Shimane Mount Osorakan 1,346
0%
Hiroshima Mount Osorakan 1,346
0%
Wakayama Mount Ryūjin 1,382
0%
Kagawa Mount Ryūō 1,060
0%
Fukui Mount Sannomine 2,095
0%
Saitama Mount Sanpō 2,483
0%
Okayama Mount Ushiro 1,345
0%
Osaka Mount Yamato Katsuragi 959
0%
Ibaraki Mount Yamizo 1,022
0%
No matching quizzes found
Score Distribution
Percent of People with Each Score
Percentile by Number Answered
Your Score History
You have not taken this quiz